[Event "Izmailov Memorial 10th"]
[Site "Tomsk"]
[Date "2006.07.15"]
[Round "6"]
[White "Kasimdzhanov, Rustam"]
[Black "Karjakin, Sergey"]
[Result "0-1"]
[WhiteElo "2672"]
[BlackElo "2679"]
[Annotator "Ftacnik,L"]
[PlyCount "85"]
[EventDate "2006.07.11"]
[EventType "tourn (rapid)"]
[EventRounds "10"]
[EventCountry "RUS"]
[EventCategory "18"]
[SourceTitle "CBM 113 Extra"]
[Source "ChessBase"]
[SourceDate "2006.09.14"]
[SourceVersion "1"]
[SourceVersionDate "2006.09.14"]
[SourceQuality "1"]

1. e4 c5 2. Nf3 d6 3. d4 cxd4 4. Nxd4 Nf6 5. Nc3 a6 6. g3 e5 7. Nb3 Be7 8. Bg2
b5 9. a4 $5 {Both players are toying with the importance of white's a4 move.
Karjakin was rushing with b5 to preempt it. Kasimdzhanov plays against the
weakened pawn structure on the queenside.} b4 10. Nd5 Nxd5 11. Qxd5 Ra7 12. Be3
Be6 13. Qd2 (13. Qd3 Rb7 (13... Rd7 14. O-O d5 15. exd5 Bxd5 16. Bxd5 Rxd5 17.
Qe2 Qd7 18. Rfd1 O-O 19. Bc5 Bxc5 20. Nxc5 Rxd1+ 21. Rxd1 Qc7 22. Rd5 $16 {
1-0 Timofeev,A (2661)-Smeets,J (2537)/Amsterdam 2005/ (36)}) 14. a5 O-O 15. O-O
Qc7 16. Nd2 Rb5 17. Bb6 Qb7 18. c4 bxc3 19. bxc3 Rc8 20. Rfb1 Rxb1+ 21. Rxb1
Qc6 22. Ba7 Nd7 23. Bf1 {1-0 Lirindzakis,T (2330)-Ornithopoulos,N (2200)/Nikea
1985/ (73)}) 13... Rb7 14. O-O O-O 15. Qd3 {[%mdl 4] The whole line suddenly
became quite popular and black is struggling to find good protection for his
exposed pawns. The repeated move of the white queen is probably costing too
much time.} (15. a5 Nd7 16. Rfd1 (16. Qe2 Rb5 17. Rfd1 Qc7 18. Bf1 Qc6 19. f3
Rc8 20. Rac1 h6 21. Qd2 Rbb8 22. Qe2 Ra8 23. Qd2 Qb7 {1/2 Lintchevski,D (2429)
-Brodsky,M (2571)/Peterhof 2006/ (58)}) 16... Qc7 17. Bf1 Ra8 18. Ra4 Qc6 19.
Rda1 d5 20. exd5 Bxd5 21. Nc1 e4 22. Ne2 Ne5 23. Nd4 Qd7 24. Bf4 Nc4 25. Bxc4
Bxc4 26. b3 {1/2 Zagrebelny,S (2485)-Biriukov,O (2404)/St Petersburg 2006/}) (
15. Rfc1 a5 16. Qd3 Nc6 17. Nd2 Qb8 18. Qa6 Rc8 19. c3 Bd8 20. h3 Bb6 21. Nf1
h6 22. Qd3 bxc3 23. bxc3 Ne7 24. Bxb6 Rxb6 $15 {0-1 De Boer,S (2353)-Ftacnik,L
(2579)/Amsterdam 2006/ (60)}) 15... Qc7 16. Nd2 a5 (16... Rc8 17. Rfc1 a5 18.
c3 b3 $11) 17. Rac1 Nd7 18. b3 (18. c3 Nc5 19. Bxc5 dxc5 20. Nc4 bxc3 21. bxc3
Rd8 22. Qe2 Rb3 23. f4 Bf6 $17) 18... Rc8 {Karjakin can be satisfied with the
transition into middlegame, all his pieces are taking part in the control of
the center and the queenside.} 19. Qe2 (19. f4 Rbb8 20. f5 Nc5 21. Qe2 Bd7 22.
c4 bxc3 23. Rxc3 Rb4 $11) 19... Qc6 20. f4 f6 (20... Nf6 21. f5 Bd7 22. h3 Qc7
23. Qa6 Qb8 $15) 21. Bf3 Bd8 22. Bg4 Bf7 23. Bh5 $6 {White should already have
been worried about the transfer of the black's dark squared bishop to b6, but
misplacing the queen is not a solution.} (23. Nc4 $1 Kf8 24. Rcd1 Bxc4 25. bxc4
Qxc4 26. Qxc4 Rxc4 27. Rxd6 exf4 28. Bxf4 Ke7 29. Rfd1 Bb6+ 30. Kf1 Nf8 $11)
23... Bxh5 24. Qxh5 Bb6 25. Qe2 (25. Bf2 Bxf2+ 26. Rxf2 Nc5 27. Re1 Re7 $17)
25... Rbc7 26. Rfe1 (26. Rf2 Re8 $1 27. Qh5 g6 28. Qe2 exf4 29. Rxf4 d5 $17)
26... Bxe3+ 27. Qxe3 Nb6 {It is obvious that white has not got anywhere and
black exerts serious pressure along the c file.} 28. Nf1 (28. Nf3 Qb7 29. Rcd1
Rc3 $17) 28... Re8 29. Rcd1 (29. fxe5 Rxe5 30. Qd4 Rce7 $17) 29... d5 $1 {
Opening of the center favours the player with objects of a possible attack 
(pawn c2).} 30. exd5 (30. fxe5 Rxe5 31. exd5 Nxd5 32. Qd4 Rce7 $1 33. Rxe5 Rxe5
$17) 30... Nxd5 31. Qf3 (31. Qf2 Nc3 32. Rd3 Rce7 (32... e4 33. Rd2 Rcc8 34.
Ne3 Red8 $17) 33. f5 (33. fxe5 Rxe5 34. Rxe5 fxe5 $17) 33... Rd7 $17) 31...
Qc5+ 32. Kh1 (32. Qf2 Qxf2+ 33. Kxf2 Rxc2+ 34. Rd2 Rc5 $17) 32... Nc3 33. Rd2 (
33. Rd3 e4 34. Qe3 Qxe3 35. Rdxe3 f5 $19) 33... Rce7 (33... e4 34. Qe3 Qc6 $17)
34. fxe5 (34. f5 e4 35. Qf4 Nd5 36. Qg4 e3 37. Rde2 Nc3 $19) 34... Rxe5 35.
Rxe5 Qxe5 {Karjakin is definitely better as all his pieces are more active and
his only weakness on a5 is less palpable than the pawn c2.} 36. Kg2 (36. Rd3
Qe1 37. Rd7 f5 $1 38. Kg1 Qe6 $17) 36... h5 37. Rf2 Qc5 38. Nd2 Nd5 (38... Re1
39. Nc4 Nd1 40. Rf1 Ne3+ 41. Nxe3 Rxe3 $17) 39. Nc4 Ne3+ 40. Nxe3 Rxe3 41. Qb7
(41. Qd1 Qc6+ 42. Kg1 h4 $17) 41... Kh7 42. Rd2 (42. Qb5 Qxb5 43. axb5 Re5 44.
b6 Rb5 45. Rf1 Rxb6 46. Rf5 Rc6 47. Rxh5+ Kg6 48. Rxa5 Rxc2+ 49. Kf3 Rc3+ 50.
Ke4 Rxb3 $17) 42... Qf5 43. Qd5 $4 {Terrible mistake influenced by the time
trouble, white was already experiencing serious problems.} (43. Qd5 $4 Re2+ $19
) (43. Rf2 Qe6 44. Qb5 Kg6 45. Qxa5 Qe4+ 46. Kh3 (46. Kg1 Re1+ 47. Rf1 Qd4+ 48.
Kg2 Re2+ $19) 46... h4 $19) 0-1

[Event "UKR Games (Men) 3rd"]
[Site "Evpatoria"]
[Date "2007.05.25"]
[Round "7"]
[White "Karjakin, Sergey"]
[Black "Fedorchuk, Sergey A"]
[Result "1-0"]
[WhiteElo "2686"]
[BlackElo "2603"]
[PlyCount "89"]
[EventDate "2007.05.21"]
[EventType "team"]
[EventRounds "7"]
[EventCountry "UKR"]
[SourceTitle "CBM 118 Extra"]
[Source "ChessBase"]
[SourceDate "2007.07.04"]
[SourceVersion "1"]
[SourceVersionDate "2007.07.04"]
[SourceQuality "1"]

1. e4 e5 2. Nf3 Nc6 3. Bb5 a6 4. Ba4 Nf6 5. O-O b5 6. Bb3 Bc5 7. c3 d6 8. a4
Bb7 9. d4 Bb6 10. Bg5 h6 11. Bxf6 Qxf6 12. d5 Na5 13. Ba2 Qf4 14. Nbd2 f5 15.
g3 Qg4 16. b4 Nc4 17. Nxc4 bxc4 18. Nd2 Qxd1 19. Raxd1 fxe4 20. Nxe4 a5 21.
Bxc4 Bc8 22. Bb5+ Ke7 23. Kg2 Bf5 24. Rde1 g5 25. f4 gxf4 26. gxf4 Bxe4+ 27.
Rxe4 Rhg8+ 28. Kh3 Rgf8 29. Rfe1 Rf5 30. fxe5 Rh5+ 31. Kg4 Rg5+ 32. Kf3 Rf8+
33. Rf4 dxe5 34. Rxf8 Kxf8 35. Re4 Ke7 36. Rc4 Rg6 37. Ke4 Rg5 38. Rc6 Rh5 39.
d6+ Kd8 40. d7 axb4 41. cxb4 Rh4+ 42. Kxe5 Rxh2 43. Rg6 c6 44. Ke6 Kc7 45. a5
1-0

[Event "Foros Aerosvit 3rd"]
[Site "Foros"]
[Date "2008.06.09"]
[Round "2"]
[White "Karjakin, Sergey"]
[Black "Nisipeanu, Liviu Dieter"]
[Result "1-0"]
[WhiteElo "2732"]
[BlackElo "2684"]
[Annotator "Karjakin,S"]
[PlyCount "79"]
[EventDate "2008.06.08"]
[EventType "tourn"]
[EventRounds "11"]
[EventCountry "UKR"]
[EventCategory "19"]
[SourceTitle "CBM 125"]
[Source "ChessBase"]
[SourceDate "2008.07.30"]
[SourceVersion "1"]
[SourceVersionDate "2008.07.30"]
[SourceQuality "1"]

1. e4 c5 2. Nf3 e6 3. d4 cxd4 4. Nxd4 Nc6 5. Nc3 Qc7 6. Be3 a6 7. Qd2 Nf6 8.
O-O-O Bb4 9. f3 Ne7 10. Nde2 b5 11. Bf4 e5 12. Bg5 h5 $5 $146 {An interesting
novelty in a well known position! Black does not want to allow Bxf6 gxf6 Qh6. 
Eine interessante Neuerung in bekannter Stellung! Schwarz will Bxf6 gxf6 Qh6
nicht zulassen.} 13. Kb1 {[%cal Gc3b5]} Ba5 14. Nc1 {Possibly not the best,
but it is hard to find the right plan for White, especially over the board!
Vielleicht nicht das Beste, aber es ist schwer, den richtigen Plan für Weiß zu
finden, vor allem Brett!} ({I was also considering Ich erwog auch} 14. Bxf6
gxf6 15. Nd5 Nxd5 16. Qxd5 Bb7 17. Qb3 {[%cal Ge2g3] but after doch nach} h4 $1
{Black is fine. steht Schwarz gut.}) 14... b4 ({Here Dieter could have played
Hier hätte Dieter} 14... Bxc3 $1 15. Qxc3 Qxc3 16. bxc3 d5 $1 17. Bxf6 gxf6 18.
exd5 Bb7 19. c4 bxc4 20. Bxc4 Rd8 {and Black is doing pretty well! spielen
können, wonach Schwarz ganz gut fährt!}) 15. Na4 b3 16. Nc3 bxc2+ 17. Qxc2 Rb8
18. Nb3 Bb4 19. Rd3 {I did not see a good plan, and I decided to prepare for
a3. Ich sah keinen guten Plan und beschloss, a3 vorzubereiten.} (19. Be2 d6 20.
Rc1 {was also possible. was also possible.}) 19... d6 $2 {Dieter
underestimated his position! He wants to sacrifice a piece, but does not get
enough compensation. Dieter unterschätzte seine Stellung! Er will eine Figur
opfern, erhält aber nicht genug Kompensation.} ({It was time to play the
simple Es war an der Zeit, das einfache} 19... Qb7 {and I think Black is all
right. zu spielen, und ich denke, Schwarz steht ordenlich.}) 20. a3 $1 Bxa3 {
The point of 19...d6. Die Pointe von 19...d6.} (20... Bxc3 21. Rxc3 {cannot be
good for Black. kann nicht gut für Schwarz sein.}) 21. bxa3 Be6 22. Na2 Qa5 23.
Bc1 (23. Kb2 $1 Qa4 24. Nb4 O-O 25. Rc3 a5 {seemed dangerous to me over the
board, but the computer shows that after schien mir am Brett gefährlich zu
sein, aber der Computer zeigt, dass nach} 26. Na6 $1 {White is better! Weiß
besser steht!}) 23... Qa4 24. Nb4 O-O {This is the decisive mistake! Dies ist
der entscheidende Fehler!} (24... a5 25. Qc7 {is better for White. ist besser
für Weiß.}) (24... Rc8 {was stronger, and the position is very complicated.
ist stärker, und die Stellung bleibt sehr kompliziert.}) 25. Nd4 $1 {This is
what Dieter missed and what I was hoping for:-). Now Black is in big trouble!
Das ist, was Dieter übersehen und worauf ich gehofft hatte :-). Nun ist
Schwarz in großen Schwierigkeiten!} Qxc2+ $6 (25... Bd7 {was the last chance,
but White is much better anyway. war die letzte Chance, aber so oder so steht
Weiß klar besser.}) 26. Ndxc2 a5 27. Rxd6 axb4 28. Nxb4 {Now White has an
extra pawn without compensation, and 2 very strong bishops. Dieter tried to
find counterplay, but White's position is just winning. Nun hat Weiß einen
Mehrbauern ohne Kompensation und zwei sehr starke Läufer. Dieter versuchte
noch, Gegenspiel zu finden, aber Weiß steht einfach auf Gewinn.} Nd7 29. Bb2
Ng6 30. g3 Nc5 31. Be2 Na4 32. Rc1 Nxb2 33. Kxb2 Kh7 34. Rc5 h4 35. Bb5 Bh3 36.
a4 Bg2 37. Rc3 f5 38. Na6 Rb7 39. Nc5 Ra7 40. Nd7 $1 {Black resigned in view
of Schwarz gab auf wegen} (40. Nd7 Rf7 41. exf5 Rxf5 42. Bd3 $18) 1-0

[Event "Sochi FIDE GP"]
[Site "Sochi"]
[Date "2008.08.12"]
[Round "11"]
[White "Karjakin, Sergey"]
[Black "Cheparinov, Ivan"]
[Result "1-0"]
[WhiteElo "2727"]
[BlackElo "2687"]
[Annotator "Kritz,L"]
[PlyCount "107"]
[EventDate "2008.07.31"]
[EventType "tourn"]
[EventRounds "13"]
[EventCountry "RUS"]
[EventCategory "19"]
[SourceTitle "CBM 126"]
[Source "ChessBase"]
[SourceDate "2008.10.01"]
[SourceVersion "1"]
[SourceVersionDate "2008.10.01"]
[SourceQuality "1"]

1. e4 c6 2. d4 d5 3. e5 {Die Caro-Kann Verteidigung ist eine sehr solide
Eröffnung, in der Weiß sich schwer macht, einen Vorteil zu bekommen. Innerhalb
der letzten Zeit hat die Variante 3.e5 das traditionelle 3.Nc3 als
Hauptvariante ersetzt.} Bf5 (3... c5 $5 {verdient ebenfalls Betrachtung, weil
noch in keiner Partie klar gezeigt wurde, wie Weiß hier zum Vorteil kommt.} 4.
dxc5 Nc6 5. Bb5 e6 6. Be3 Nge7 7. c3 Bd7 8. Bxc6 Bxc6 9. Nf3 Nf5 10. Bd4 a5 11.
O-O Nxd4 12. cxd4 b6 13. cxb6 Qxb6 14. Qd2 Be7 15. Nc3 a4 16. Rfc1 O-O $44 {
Karjakin - Asrian (Dagomys, 2008). Eine typische Stellung für diese Variante -
Schwarz hat einen Bauern weniger, dafür jedoch ausreichende Kompensation dank
dem Läuferpaar und seinem Raumvorteil am Damenflügel.}) 4. Nf3 e6 5. Be2 {
Heute die populärste Fortsetzung.} Nd7 (5... c5 $5 6. Be3 cxd4 (6... Qb6 7. Nc3
Qxb2 8. Nb5 Na6 9. dxc5 Qxc2 10. Qxc2 Bxc2 11. Nd6+ Bxd6 12. cxd6 $16 {Die
weiße Initiative ist zu stark!}) 7. Nxd4 Ne7 8. Bg5 (8. c4 $5 Nbc6 9. Qa4 a6
10. Nc3 dxc4 11. O-O-O Bd3 $1 {Schwarz muss genau spielen, um Ausgleich zu
erzielen.} 12. Bxd3 cxd3 13. Rxd3 Qa5 14. Qb3 Nb4 15. Rdd1 Ned5 $11 {Efimenko
- Macieja (Plovdiv, 2008)}) 8... Qd7 $1 9. Bxe7 Bxe7 10. Nxf5 exf5 11. Nd2 (11.
Bf3 Qb5 12. Qxd5 Qxb2 13. O-O Nc6 14. Nd2 Rd8 15. Qb3 Qxb3 16. Nxb3 Kd7 17.
Rfd1+ Kc7 $11 {Mamedov - Rodshtein (Plovdiv, 2008)}) 11... Nc6 12. Nf3 O-O 13.
O-O Rad8 14. Re1 Rfe8 15. Qd2 Bc5 $132 {Nijboer - Erenburg (Dieren, 2006).
Offensichtlich steht Schwarz nicht schlechter - der Bauer d5 ist nicht
schwächer als der Bauer e5.}) 6. O-O h6 {Schwarz bereitet die Entwicklung des
Springers nach e7 vor. Das sofortige Ne7 gibt Weiß Vorteil:} (6... Ne7 7. Nh4
Bg6 8. Nd2 c5 9. c3 Nc6 10. Nxg6 hxg6 11. Nf3 $14 {Dank dem Läuferpaar steht
Weiß besser.}) 7. Nbd2 Ne7 8. Nb3 Nc8 (8... Bh7 {ist eine andere Alternative,
mit der Idee, den Springer nach g6 oder f5 zu entwickeln.} 9. Bd2 Ng6 10. Rc1 (
10. c4 dxc4 11. Na5 Rb8 12. Nxc4 Nb6 13. Na5 Nh4 14. b4 Nxf3+ 15. Bxf3 Nd5 16.
Qb3 Be7 17. Rac1 O-O $11 {Mamedov - Jobava (Baku, 2008)}) 10... Be7 11. Na5 Rb8
12. c4 Nf4 13. Bxf4 Qxa5 14. Bd2 Bb4 15. cxd5 cxd5 16. Bxb4 Qxb4 $11 {
Khairullin - Rodshtein (Moscow, 2008)}) 9. Be3 {Während Schwarz seine
Entwicklungprobleme löst, verhindert Weiß den Vorstoß c5.} Be7 10. Nfd2 O-O 11.
f4 Ncb6 12. a4 a5 13. c3 $14 {Weiß hat einen kleinen, aber stabilen Vorteil.
Das kommt daher, dass Schwarz keine aktiven Pläne zur Verfügung hat - ...c5
ist ihm unterbunden, das in Partie folgende ...f6 hat die Schwächung des
Bauern e6 zur Folge.} f6 14. exf6 (14. Bg4 $5 Bxg4 15. Qxg4 f5 16. Qg6 Rf7 $1
$11 17. Qxe6 $4 Nf8 $19) 14... Nxf6 (14... Bxf6 15. Nc1 $14 {Der Springer geht
nach d3, von wo aus er die Felder c5 und e5 unter Kontrolle nimmt.}) 15. Nc5 (
15. g4 $6 {Weiß schwächt nur seinen König, viel bringt der Vorstoß am
Königsflügel nicht.} Bg6 16. Nc5 Bxc5 17. dxc5 Nbd7) 15... Bxc5 16. dxc5 Nbd7
17. b4 {Jetzt oder einen Zug später, muss Weiß b4 spielen, um den Bauer c5 zu
verteidigen.} (17. Bd4 Qe7 18. b4 Ne4 19. Nxe4 Bxe4 20. Qe1 {->17.b4}) (17. Qb3
Rb8 18. Qa3 Qc7 $11 {Die Dame auf a3 sieht nicht gut aus.}) 17... Ne4 18. Nxe4
Bxe4 19. Qe1 Qe7 20. Qg3 Bf5 (20... e5 $5 21. fxe5 axb4 22. cxb4 Qxe5 23. Qxe5
Nxe5 24. a5 $11) 21. Bd4 Nf6 {Die Stellung bewegt sich die ganze Zeit um dem
Ausgleich herum. Für beide Seiten ist es riskant, eine Offensive zu starten.
Schwarz beherrscht die weißen Feldern im Zentrum genau so komfortabel wie Weiß
die schwarzen.} 22. Qe3 Ne4 23. Rfb1 g5 24. Rf1 (24. Be5 gxf4 25. Qxf4 Qg5 26.
Qxg5+ hxg5 27. bxa5 $2 Nxc5 28. Bd6 Bxb1 29. Bxc5 Be4 30. Bxf8 Kxf8 $17) 24...
Kh7 25. bxa5 (25. Be5 $5 Bg6 26. fxg5 Qxg5 27. Qxg5 hxg5 28. Rxf8 Rxf8 29. Rf1
Ra8 $11) 25... Bg6 (25... Rxa5 $6 {Den Bauer sollte Schwarz lieber nicht
nehmen - er muss zuerst die Stellung konsolidieren.} 26. c4 Nxc5 $2 27. fxg5
hxg5 28. Rxf5 $3 Rxf5 29. Qh3+ Kg8 30. Qh8+ Kf7 31. Bh5#) 26. Be5 gxf4 27. Bxf4
Qxc5 28. Qxc5 Nxc5 29. Be5 Rf5 $15 {Es ist schon Schwarz, der hier besser
steht. Die weißen Läufer haben wenig zu tun.} 30. Rxf5 Bxf5 31. Rf1 Nxa4 (31...
Rxa5 $5 32. g4 $1 {Die weiße Initiative am Königsflügel kompensiert den
schwarzen Mehrbauern.} Bd3 33. Rf7+ Kg8 34. Rg7+ Kf8 35. g5 $1 Bxe2 (35... hxg5
36. Bh5 Rxa4 37. Rf7+ Ke8 38. Rf1+ Kd7 39. Rf7+ Kc8 40. Rf8+ Kd7 41. Rf7+ $11)
36. gxh6 Bd3 37. Bd6+ Ke8 38. Re7+ Kd8 39. h7 Bxh7 40. Rxh7 Na6 41. Rxb7 Rxa4
42. Ra7 $11) 32. g4 Rg8 $2 (32... Bg6 $1 {wäre der sichere Weg gewesen.} 33.
Rf6 Nc5 34. a6 $1 (34. Bd4 Rxa5 35. Rf8 Bd3 $15) 34... bxa6 (34... Nxa6 35.
Rxe6 Re8 36. Rxe8 Bxe8 37. Bd6 $1 $11 {Ausgleich, weil der schwarze Springer
nicht ins Spiel kommt.})) 33. Rf4 Nc5 34. Rb4 {Es stellt sich heraus, dass der
Bauer b7 zum Opfer wird und dadurch der weiße a-Bauer durchstarten kann.} h5
35. h3 hxg4 36. hxg4 Bd3 37. Bxd3+ Nxd3 38. Rxb7+ Kh6 39. Bg7+ $1 (39. a6 $4
Nxe5 40. a7 Ra8 $19) 39... Kg5 (39... Rxg7 $4 40. Rxg7 Kxg7 41. a6 $18) 40. Bd4
e5 41. Bb6 Ra8 (41... Kxg4 {führt zum Remis.} 42. a6 Kf3+ 43. Kf1 Rh8 44. Rf7+
Nf4 45. Ke1 Ke4 46. a7 d4 47. cxd4 exd4 48. Rh7 $11) 42. Ra7 Rb8 43. Rg7+ Kf4
44. g5 Kf5 45. Rc7 c5 46. Rc6 d4 47. cxd4 cxd4 48. a6 Nb4 (48... Ra8 {Die
letzte Chance die Partie zu halten.} 49. a7 Nb2 $1 50. g6 (50. Rd6 $2 Nc4 $19)
50... d3 51. Be3 Nd1 52. Bc5 Nc3 53. g7 d2 54. Rd6 Ne2+ 55. Kf2 Nd4 56. Rxd4
exd4 57. Ke2 Kg6 58. Bxd4 Rd8 $1 $11) 49. Rf6+ Kxg5 50. a7 Ra8 (50... Rc8 51.
Rd6 Rc1+ 52. Kf2 Rc2+ 53. Ke1 Rc1+ 54. Kd2 Rc2+ 55. Kd1 Ra2 56. Rd8 $18) 51.
Rd6 d3 52. Kf2 Rc8 53. Rd8 Rc2+ 54. Kg3 1-0

[Event "Asia Clubs 1st"]
[Site "Al Ain"]
[Date "2008.12.25"]
[Round "1"]
[White "Mohammad, Samir"]
[Black "Karjakin, Sergey"]
[Result "0-1"]
[WhiteElo "2391"]
[BlackElo "2730"]
[PlyCount "60"]
[EventDate "2008.12.25"]
[EventType "team"]
[EventRounds "7"]
[EventCountry "UAE"]
[SourceTitle "CBM 127 Extra"]
[Source "ChessBase"]
[SourceDate "2009.01.08"]
[SourceVersion "2"]
[SourceVersionDate "2009.01.28"]
[SourceQuality "1"]

1. d4 d5 2. c4 c6 3. Nf3 Nf6 4. Nc3 e6 5. Bg5 h6 6. Bh4 dxc4 7. e4 g5 8. Bg3 b5
9. Be2 Bb7 10. h4 g4 11. Ne5 h5 12. O-O Nbd7 13. Qc2 Nxe5 14. Bxe5 Bh6 15. Rad1
O-O 16. f4 Ne8 17. g3 f6 18. f5 fxe5 19. dxe5 Qc7 20. fxe6 Rxf1+ 21. Bxf1 Qxe5
22. Kh2 Nf6 23. Bg2 Rf8 24. b3 b4 25. Ne2 c3 26. Nd4 Bd2 27. Nf5 Qxe6 28. Qd3
c5 29. Nd6 Ba6 30. Qxa6 c2 0-1

[Event "Corus"]
[Site "Wijk aan Zee"]
[Date "2009.01.17"]
[Round "1"]
[White "Karjakin, Sergey"]
[Black "Morozevich, Alexander"]
[Result "1-0"]
[WhiteElo "2706"]
[BlackElo "2771"]
[Annotator "Karjakin,S"]
[PlyCount "51"]
[EventDate "2009.01.17"]
[EventType "tourn"]
[EventRounds "13"]
[EventCountry "NED"]
[EventCategory "19"]
[SourceTitle "CBM 129"]
[Source "ChessBase"]
[SourceDate "2009.03.25"]
[SourceVersion "1"]
[SourceVersionDate "2009.03.25"]
[SourceQuality "1"]

1. e4 c5 2. Nf3 e6 3. d4 cxd4 4. Nxd4 Nc6 5. Nc3 Qc7 6. Be3 a6 7. Qd2 Nf6 8.
O-O-O Be7 {This rare move is a pet line of Morozevich. He has won plenty of
games with it!} ({The main line is} 8... Bb4 {and it was played by Stellwagen
against me later in this tournament.}) 9. f3 O-O 10. g4 b5 11. g5 Ne8 12. h4
Ne5 13. Kb1 $146 {Novelty.} ({The game Dominguez-Morozevich continued} 13. h5
Bb7 14. g6 Rc8 15. Kb1 b4 16. Na4 Nxf3 17. Nxf3 Bxe4 18. Nb6 Bxf3 19. Nxc8 Qxc8
20. Qxd7 Qxd7 21. Rxd7 Bxh1 22. gxh7+ Kxh7 23. Bd3+ Kg8 24. Rxe7 Nf6 {1/2
Dominguez Perez,L (2695)-Morozevich,A (2774)/Sarajevo BIH 2008/The Week in
Chess 707}) 13... Bb7 14. h5 Rc8 15. Qg2 $1 {To avoid all kind of tricks.} b4
16. Na4 f5 $1 {The right move! Black opens the centre, otherwise White would
play g6 with a strong attack.} 17. gxf6 Nxf6 18. Bd3 $14 {Here I was more or
less happy with the outcome of the opening. I think White is slighlity better,
he can graduately start an attack in the g-file, and it is not so clear where
Black can find any counterplay.} Rf7 {Black regroups his rooks.} 19. b3 {
To defend against Qa5, and to prepare Nb2-c4.} Rcf8 20. Rdg1 Ne8 21. Rh3 ({
It was also possible to play} 21. Be2 {wnich was maybe even more precise, but
I wanted to leave my bishop in an active position.}) 21... Bf6 22. Nb2 Nc6 $4 (
{After} 22... Nxd3 {(or 22...Nd6)} 23. cxd3 Nd6 {I think White is slightly
better, but there is nothing special, and there is still a lot of play.}) 23.
Nxc6 {Here it is actually over! Black is lost!} Qxc6 ({It was slightly better
to play} 23... Bxc6 {although it did not really change anything. After} 24. Nc4
{White has a winning attack!}) 24. Nc4 ({I could already win with} 24. e5 Bxe5
25. Nc4 {but White doesn't need to hurry, 24.Nc4 is good enough.}) 24... d5 (
24... Bc3 25. Na5 Qc7 26. Nxb7 Qxb7 27. e5 {is also winning for White.}) 25.
exd5 exd5 26. h6 ({Black resigned, as after} 26. h6 g6 (26... dxc4 27. Bxh7+
Kh8 28. Be4 $18) 27. Bxg6 hxg6 28. Qxg6+ Kh8 {White has} 29. Qg7+ $1 Rxg7 30.
hxg7+ Kg8 31. Rh8+ Kf7 32. gxf8=Q+ $18) 1-0